[Event "Let's Play Chess!"]
[Site "http://www.queenalice.com/game.php?id=14410"]
[Date "2005.5.27"]
[Round "-"]
[White "DangerousPlayer"]
[Black "Cuti"]
[Result "0-1"]
[WhiteElo "1236"]
[BlackElo "1483"]

1. d4 Nf6 2. Nf3 d5 3. Nc3 Bg4 4. e3 e6 5. Be2 Nc6 6. O-O Be7 7. a3 a6 8. Qd3
Bf5 9. Qd2 O-O 10. Ne5 Nxe5 11. dxe5 Nd7 12. Bd3 Bxd3 13. Qxd3 Nxe5 14. Qd4 Nc6
15. Qd2 b5 16. e4 d4 0-1

[Event "How about a game?"]
[Site "http://www.queenalice.com/game.php?id=14429"]
[Date "2005.5.27"]
[Round "-"]
[White "DangerousPlayer"]
[Black "jiikoo"]
[Result "0-1"]
[WhiteElo "1477"]
[BlackElo "1845"]

1. c4 e5 2. Nc3 Nc6 3. e4 Nf6 4. d3 Bc5 5. Nf3 h6 6. Be2 O-O 7. O-O d6 8. b3 Be6
9. Nd5 Nd4 10. Be3 Nxf3+ 11. Bxf3 Bxe3 12. Nxe3 c6 13. d4 Qc7 14. d5 cxd5 15.
cxd5 Bd7 16. Rc1 Qa5 17. Rc2 Bb5 18. Re1 Rfc8 19. Qd2 Qxd2 20. Rxd2 Bd7 21. Nc4
Ne8 22. Ne3 Rc3 23. Bg4 Rxe3 24. Be2 Rc3 25. Bf3 Rac8 0-1

[Event "Simply Dangerous!"]
[Site "http://www.queenalice.com/game.php?id=14430"]
[Date "2005.5.27"]
[Round "-"]
[White "MikeDoherty"]
[Black "DangerousPlayer"]
[Result "1-0"]
[WhiteElo "1959"]
[BlackElo "1303"]

1. e4 e5 2. Nf3 Nf6 3. Nxe5 d6 4. Nf3 Nc6 5. Nc3 Bg4 6. Be2 Be7 7. O-O O-O 8. d4
d5 9. e5 Ne4 10. Be3 f5 11. Ne1 Bxe2 12. Nxe2 Bg5 13. f4 Be7 14. Nf3 h6 15. Rc1
Qd7 16. a3 Qe6 17. c4 Rad8 18. cxd5 Qxd5 19. Nc3 1-0

[Event "Challenge"]
[Site "http://www.queenalice.com/game.php?id=14590"]
[Date "2005.5.29"]
[Round "-"]
[White "DangerousPlayer"]
[Black "jsiebel"]
[Result "0-1"]
[WhiteElo "1303"]
[BlackElo "1323"]

1. d4 d5 2. c4 dxc4 3. Nc3 Nf6 4. e4 Nc6 5. Nf3 g6 6. Bxc4 Be6 7. d5 Na5 8. Be2
Bg4 9. O-O Bg7 10. Qa4+ c6 11. Qd1 O-O 12. b4 Nxe4 13. Nxe4 Bxa1 14. bxa5 Qxa5
15. Bd2 Qxa2 16. Qxa1 Qxd5 0-1

[Event "Challenge"]
[Site "http://www.queenalice.com/game.php?id=14591"]
[Date "2005.5.29"]
[Round "-"]
[White "jsiebel"]
[Black "DangerousPlayer"]
[Result "1-0"]
[WhiteElo "1338"]
[BlackElo "1271"]

1. Nf3 Nf6 2. g3 Nc6 3. Bg2 e5 4. O-O d5 5. d4 e4 6. Ne5 Qd6 7. Bf4 Qe6 8. Nc3
Bd7 9. Nb5 Bd6 10. Rc1 O-O 11. c3 a6 12. Nxc6 Bxf4 13. gxf4 Qxc6 14. Na3 Qd6 15.
b4 Qxf4 16. e3 Qg5 17. c4 1-0

[Event "Challenge"]
[Site "http://www.queenalice.com/game.php?id=14733"]
[Date "2005.5.30"]
[Round "-"]
[White "dnptrs"]
[Black "DangerousPlayer"]
[Result "1-0"]
[WhiteElo "1904"]
[BlackElo "1690"]

1. d4 d5 2. Nf3 Nc6 3. e3 Nf6 4. c4 e6 5. a3 Be7 6. Nc3 O-O 7. Qc2 a6 8. cxd5
exd5 9. b4 b5 10. Nxb5 Bb7 11. Nc3 Qd6 12. Bb2 Rad8 13. Rc1 Na7 14. Na4 Rc8 15.
Nc5 Rb8 16. Nxb7 Rxb7 17. Bd3 Rc8 18. O-O Qb6 19. Qe2 Rbb8 20. Bxa6 Rd8 21. Nd2
1-0

[Event "Ready to take on all comers!"]
[Site "http://www.queenalice.com/game.php?id=14884"]
[Date "2005.5.31"]
[Round "-"]
[White "DangerousPlayer"]
[Black "victorhg"]
[Result "0-1"]
[WhiteElo "1357"]
[BlackElo "1425"]

1. e4 Nc6 2. d4 e5 3. d5 Nd4 4. c3 Qf6 5. cxd4 exd4 6. Nf3 Bc5 7. Bg5 Qg6 8. Bd3
h6 9. e5 Bb4+ 10. Kf1 Qh5 11. Bd2 Bc5 12. Qc2 b6 13. b4 Be7 14. h3 f5 15. Bxf5
Ba6+ 16. Bd3 b5 17. Bg6+ Qxg6 18. Qxg6+ Kd8 19. Qxa6 c6 20. dxc6 Rb8 21. cxd7
Kxd7 0-1

[Event "Let's Play Chess!"]
[Site "http://www.queenalice.com/game.php?id=14986"]
[Date "2005.6.1"]
[Round "-"]
[White "gutopa"]
[Black "DangerousPlayer"]
[Result "1-0"]
[WhiteElo "1515"]
[BlackElo "1244"]

1. e4 e5 2. Bc4 Nf6 3. d3 Nc6 4. Bg5 Be7 5. Bxf6 Bxf6 6. Qh5 O-O 7. Nh3 d6 8.
Nd2 Bxh3 9. gxh3 Nd4 10. O-O-O Qd7 11. c3 Nc6 12. Rhg1 g6 13. Qh6 Bg7 14. Qg5
Qxh3 15. Nf1 1-0

[Event "Dangerous is open to all comers!"]
[Site "http://www.queenalice.com/game.php?id=14987"]
[Date "2005.6.2"]
[Round "-"]
[White "DangerousPlayer"]
[Black "pedrinhoIII"]
[Result "0-1"]
[WhiteElo "1628"]
[BlackElo "1425"]

1. e4 e5 2. f4 exf4 3. Bc4 Qh4+ 4. Kf1 Bc5 5. d4 Bb6 6. Nf3 Qg4 7. Bxf7+ Kf8 8.
Bb3 c5 9. d5 Nf6 10. Qe2 Na6 11. Nc3 d6 12. a3 Bd7 13. Bc4 Re8 14. b3 Bf5 15.
Bd3 Nc7 0-1

[Event "Let's Play Chess!"]
[Site "http://www.queenalice.com/game.php?id=14988"]
[Date "2005.6.1"]
[Round "-"]
[White "igorrs"]
[Black "DangerousPlayer"]
[Result "1-0"]
[WhiteElo "1657"]
[BlackElo "1309"]

1. e4 c5 2. Nf3 d6 3. c3 Nf6 4. Be2 Nbd7 5. d3 b6 6. O-O e6 7. h3 e5 8. Be3 Be7
9. Nbd2 O-O 10. d4 Qc7 11. dxe5 Nxe5 12. Nxe5 dxe5 13. Qc2 Be6 14. Nf3 Rad8 15.
c4 Bd7 16. Bd3 Bc6 17. Rfe1 Qb7 18. Bg5 Qd7 19. Nxe5 Qd6 20. Nxc6 Qxc6 21. e5
1-0

[Event "Dangerous is open to all comers!"]
[Site "http://www.queenalice.com/game.php?id=15259"]
[Date "2005.6.4"]
[Round "-"]
[White "DangerousPlayer"]
[Black "volmar"]
[Result "0-1"]
[WhiteElo "1200"]
[BlackElo "1184"]

1. c4 g5 2. Nc3 Bg7 3. d4 h5 4. e4 h4 5. Bxg5 f6 6. Be3 a5 7. Nf3 d6 8. Be2 h3
9. g3 Bh6 10. Bxh6 Nxh6 11. Qd3 c6 12. O-O-O Ng4 13. Rhf1 Na6 0-1

[Event "Bring your Kung-fu to me!"]
[Site "http://www.queenalice.com/game.php?id=15260"]
[Date "2005.6.4"]
[Round "-"]
[White "volmar"]
[Black "DangerousPlayer"]
[Result "1-0"]
[WhiteElo "1150"]
[BlackElo "1227"]

1. b4 d5 2. Bb2 Qd6 3. a3 e5 4. Nc3 Bd7 5. e3 Nf6 6. Nb5 Bxb5 7. Bxb5+ c6 8. Be2
Be7 9. c3 O-O 10. c4 Nbd7 11. c5 Qc7 12. d3 Rad8 13. g4 1-0